[Event "Padova op-C 17th"]
[Site "Padova"]
[Date "2014.12.21"]
[Round "6.11"]
[White "Vianello, Jimmy"]
[Black "Bettella, Michele"]
[Result "0-1"]
[WhiteElo "1431"]
[BlackElo "1714"]
[PlyCount "138"]
[EventDate "2014.12.13"]
[EventType "swiss"]
[EventRounds "6"]
[EventCountry "ITA"]
[SourceTitle "EXT 2024"]
[Source "ChessBase"]
[SourceDate "2023.10.10"]
[SourceVersion "1"]
[SourceVersionDate "2023.10.10"]
[SourceQuality "1"]

1. c4 e5 2. Nc3 Nf6 3. g3 Bc5 4. Bg2 d6 5. d3 Nc6 6. Nf3 Be6 7. 0-0 h6 8. a3 a5 9. Nd2 Qd7 10. Nd5 Bxd5 11. cxd5 Ne7 12. Qb3 Rb8 13. Nb1 a4 14. Qa2 0-0 15. Nc3 Bd4 16. e3 Bxc3 17. bxc3 c6 18. e4 cxd5 19. exd5 b5 20. Bd2 Rfc8 21. Rfc1 Qf5 22. Qc2 Nexd5 23. c4 bxc4 24. dxc4 Qxc2 25. Rxc2 Nb6 26. Rb1 Nfd7 27. Be3 Nc5 28. Rd1 Rd8 29. f4 Ne6 30. fxe5 dxe5 31. Rxd8+ Nxd8 32. c5 Rc8 33. c6 Na8 34. Bh3 Rc7 35. Bg2 Ne6 36. Rb2 Rc8 37. Ba7 Kf8 38. Rb4 Nd8 39. Rc4 Ke7 40. Bc5+ Ke6 41. Bb4 Nb6 42. Bh3+ f5 43. Rc1 Rxc6 44. Rf1 g6 45. Bg2 Rc4 46. Ba5 Nd5 47. Bxd5+ Kxd5 48. Bxd8 e4 49. Ba5 Rd4 50. Kf2 Rd3 51. Bb4 e3+ 52. Ke2 Rb3 53. Rd1+ Ke4 54. Ke1 Kf3 55. Rc1 Rb2 56. Kd1 Rxh2 57. Be1 g5 58. Rc4 f4 59. gxf4 gxf4 60. Rxa4 Rh5 61. Rd4 Rb5 62. Kc2 Ke2 63. Bb4 f3 64. Rh4 f2 65. Rh2 Kf3 66. Rxh6 e2 67. Rf6+ Kg2 68. Rxf2+ Kxf2 69. Kd3 Rxb4 0-1